Top 15 most streamed Outkast songs - Statistics

General Stats
  • This quiz has been taken 80 times
  • The average score is 8 of 15
Answer Stats
Rank Streams Songs % Correct
1. 1,326,740,951 Hey Ya!
94%
2. 1,058,130,013 Ms. Jackson
94%
8. 100,736,193 B.O.B. - Bombs Over Baghdad
70%
3. 351,832,743 Roses
68%
6. 177,591,355 ATLiens
65%
7. 135,701,640 Rosa Parks
60%
4. 264,488,233 So Fresh, So Clean
60%
12. 45,226,888 Da Art of Storytellin' (Pt. 1)
49%
5. 188,878,521 The Way You Move
48%
15. 38,458,539 Aquemini
37%
10. 59,221,164 Elevators (Me & You)
33%
11. 53,100,091 Player's Ball
29%
14. 40,816,613 Jazzy Belle
24%
13. 44,220,918 Prototype
17%
9. 64,092,473 SpottieOttieDopaliscious
13%
No matching quizzes found
Score Distribution
Percent of People with Each Score
Percentile by Number Answered
Your Score History
You have not taken this quiz